| 000 | 01036nam a22002055i 4500 | ||
|---|---|---|---|
| 001 | 153205 | ||
| 003 | ES-MaACL | ||
| 005 | 20250901015451.0 | ||
| 008 | 050905s1902 sp | |||||||| ||spa d | ||
| 100 | 1 |
_aComenge y Ferrer, Luis, _d1854-1916 _9126554 |
|
| 245 | 1 | 0 |
_aEuforia social : _bmemoria reglamentaria para la inauguración del curso 1902 de la Academia del Cuerpo Médico Municipal de Barcelona / _cpor Luis Comenge y Ferrer. |
| 260 |
_aBarcelona : _b[s.n.], _c1902 ( _fImp. de la Casa Provincial de Caridad) |
||
| 300 |
_a43 p. ; _c26 cm. |
||
| 530 | _aDisponible en formato digital. | ||
| 650 | 7 |
_aEmociones y sentimientos (Filosofía) _2embne _912198 |
|
| 710 | 2 |
_aAcademia del Cuerpo Médico Municipal de Barcelona. _9172868 |
|
| 852 |
_aES-MaACL _jT-985-F-12 _z- Enc. hol., conservando la enc. original _z- Dedicatoria autógrafa del autor _z- Enc. en un vol. facticio |
||
| 856 |
_uhttp://biblioteca.ateneubcn.org:8080/ateneu/ca/consulta/registro.cmd?id=5823393 _zAteneu Barcelonès |
||
| 999 |
_c153205 _d153205 |
||